The business of winning: a manager's guide to building a championship team at work (Record no. 866)
[ view plain ]
| 000 -LEADER | |
|---|---|
| Fixed length control field | 00498nam a2200169 4500 |
| 003 - CONTROL NUMBER IDENTIFIER | |
| Control field | SEACOMMC |
| 005 - DATE AND TIME OF LATEST TRANSACTION | |
| Control field | 20241213115004.0 |
| 008 - FIXED-LENGTH DATA ELEMENTS--GENERAL INFORMATION | |
| Fixed length control field | 241213b |||||||| |||| 00| 0 eng d |
| 020 ## - INTERNATIONAL STANDARD BOOK NUMBER / ISBN | |
| International Standard Book Number | 1879618214 |
| Price | Rs.295.00 |
| 040 ## - CATALOGING SOURCE | |
| Original cataloging agency | SEACOMMC |
| 082 ## - DEWEY DECIMAL CLASSIFICATION NUMBER | |
| Classification number | 658 |
| Book Number | E 92 |
| 100 ## - MAIN ENTRY--PERSONAL NAME | |
| Personal name | Evangelista, Robert |
| 245 1# - TITLE STATEMENT | |
| Title | The business of winning: a manager's guide to building a championship team at work |
| Statement of responsibility | Robert Evangelista |
| 260 ## - IMPRINT | |
| Place of publication | Singapore |
| Name of publisher | Pearson Education |
| Date of publication | 2001 |
| 650 ## - SUBJECT ADDED ENTRY--TOPICAL TERM | |
| Topical term | Management |
| 942 ## - ADDED ENTRY ELEMENTS (KOHA) | |
| Koha item type | Books |
| Withdrawn status | Lost status | Source of classification | Damaged status | Not for loan | Home library | Current library | Shelving location | Date acquired | Total Checkouts | Call number | Accession number | Date last seen | Price effective from | Koha item type | Copy number |
|---|---|---|---|---|---|---|---|---|---|---|---|---|---|---|---|
| Dewey Decimal Classification | SEACOM MANAGEMENT COLLEGE | SEACOM MANAGEMENT COLLEGE | Reference | 06/12/2007 | 658 E 92 | M-1166 | 13/12/2024 | 13/12/2024 | Books | ||||||
| Dewey Decimal Classification | SEACOM MANAGEMENT COLLEGE | SEACOM MANAGEMENT COLLEGE | 06/12/2007 | 658 E 92 | M-1167 | 13/12/2024 | 13/12/2024 | Books | 1 | ||||||
| Dewey Decimal Classification | SEACOM MANAGEMENT COLLEGE | SEACOM MANAGEMENT COLLEGE | 06/12/2007 | 658 E 92 | M-1168 | 13/12/2024 | 13/12/2024 | Books | 2 |
